| 000 | 00419nam a2200181Ia 4500 | ||
|---|---|---|---|
| 008 | 210210b1913 xxu||||| |||| 00| 0 eng d | ||
| 041 | _aeng | ||
| 082 | _a230/178 | ||
| 100 | _aSTUDENTS MORAL GUIDE | ||
| 245 | _aStudents moral guide | ||
| 260 |
_aTrichinopoly _bNot Mentioned _c1913 |
||
| 300 | _axiii,284 | ||
| 650 | _aStudents | ||
| 650 | _amoral | ||
| 650 | _aguide | ||
| 690 | _aReligion | ||
| 906 | _a001414 | ||
| 999 |
_c116537 _d116537 |
||